| 000 | 00948cam a2200241 i 4500 | ||
|---|---|---|---|
| 001 | 19339645 | ||
| 005 | 20180124034359.0 | ||
| 008 | 161018s2011 maua 001 0 eng | ||
| 010 | _a 2016427848 | ||
| 020 | _a9780321765611 | ||
| 020 | _a0321765613 | ||
| 040 |
_aDLC _beng _cDLC _erda _dDLC |
||
| 041 | _aeng | ||
| 080 | _a612.0078 MAR | ||
| 082 | 0 | 0 |
_a612.0078 MAR _223 |
| 100 | 1 | _a7 | |
| 101 | _aANA | ||
| 245 | 1 | 0 |
_aHuman anatomy & physiology laboratory manual : rat version / _cElaine N. Marieb, R.N., Ph.D., Holyoke Community College, Susan J. Mitchell, Ph.D., Onondaga Community College ; rat dissection authored by Robert J. Sullivan, Ph. D., Marist College ; PhysioEx version 8.0 authored by Peter Z. Zao [and four others]. |
| 246 | 3 | _aHuman anatomy and physiology laboratory manual | |
| 906 |
_a7 _bcbc _corigcop _d2 _encip _f20 _gy-gencatlg |
||
| 942 |
_2ddc _cBK |
||
| 999 |
_c40820 _d40820 |
||